LEADER 01063nam0-22003731i-450- 001 990005468440203316 005 20010829120000.0 035 $a000546844 035 $aUSA01000546844 035 $a(ALEPH)000546844USA01 035 $a000546844 100 $a20010829d1979-------|0enac50------ba 101 $aeng 102 $aJP 105 $a|||| ||||| 200 1 $aIntermediate macroeconomics$fMichael R. Darby 210 $aTokyo$cMcGraw-Hill Kogakusha$d1979 215 $a479 p. . graf. , 21 cm. 606 $aMacroeconomia$2FI 620 $dTokyo 676 $a339$cMacroeconomia$v21 700 1$aDARBY,$bMichael R.$0124192 712 $aMcGraw-Hill Kogakusha LTD 801 $aIT$bSOL$c20120104 912 $a990005468440203316 950 $aDIP.TO SCIENZE ECONOMICHE - (SA)$dDS 300 339 DAR$eST11388 DISES 951 $a300 339 DAR$b1388 DISES 959 $aBK 969 $aDISES 979 $c20121027$lUSA01$h1532 979 $c20121027$lUSA01$h1613 996 $aIntermediate macroeconomics$9695147 997 $aUNISA NUM $aUSA7028 LEADER 01454nam--2200409---450- 001 990003575390203316 005 20111013091902.0 010 $a978-88-348-1564-9 035 $a000357539 035 $aUSA01000357539 035 $a(ALEPH)000357539USA01 035 $a000357539 100 $a20111013d2011----km-y0itay50------ba 101 $aita 102 $aIT 105 $a||||||||001yy 200 1 $a<> affidamento e la gestione dei servizi pubblici locali a rilevanza economica$epercorsi e disciplina generale$fa cura di Harald Bonura e Massimo Cassano 210 $aTorino$cG. Giappichelli$d2011 215 $aXIII, 262 p.$d24 cm 225 2 $aPercorsi istituzionali$iServizi pubblici locali, autonomie e mercati$v1 410 0$12001$aPercorsi istituzionali$iServizi pubblici locali, autonomie e mercati$v, 1 454 1$12001 461 1$1001-------$12001 606 0 $aEnti locali$xServizi pubblici$xGestione$2BNCF 676 $a343.4509 702 1$aBONURA,$bHarald 702 1$aCASSANO,$bMassimo 801 0$aIT$bsalbc$gISBD 912 $a990003575390203316 951 $aXXIV.3.K. 192$b71774 G.$cXXIV.3.K.$d00299942 959 $aBK 969 $aGIU 979 $aFIORELLA$b90$c20111013$lUSA01$h0908 979 $aFIORELLA$b90$c20111013$lUSA01$h0913 979 $aFIORELLA$b90$c20111013$lUSA01$h0919 996 $aAffidamento e la gestione dei servizi pubblici locali a rilevanza economica$958093 997 $aUNISA